| 000 | 00000nam##2200000za#4500 |
| 001 | 9.660867 |
| 003 | CaOODSP |
| 005 | 20210615120022 |
| 007 | ta |
| 008 | 150407|1999||||xxc||||| f|0| 0 eng|d |
| 020 | |a0-662-64129-9 |
| 040 | |aCaOODSP|beng |
| 041 | |aeng |
| 041 | |afre |
| 043 | |an-cn--- |
| 086 | 1 |aC2-419/1999 |
| 110 | 1 |aCanada. |bIndustry Canada. |
| 245 | 10|aYour Internet business : |bearning consumer trust: a guide to consumer protection for on-line merchants |
| 260 | |aOttawa - Ontario : |bIndustry Canada |c1999. |
| 300 | |aEnglish text, 19p. ; |c18 cm. |
| 546 | |aBilingual |
| 563 | |aSoftcover |
| 590 | |a99-51|b1999-12-31 |
| 690 | 07|aConsumer protection|2gcpds |
| 690 | 07|aInformation technology|2gcpds |
| 690 | 07|aBusinesses|2gcpds |
| 776 | 0#|tVotre commerce dans Internet : |w(CaOODSP)9.639375 |
| 776 | 0#|tYour Internet business : |w(CaOODSP)9.695229 |
| 792 | |tVotre commerce dans Internet : |efre|w(CaOODSP)9.660868 |
| 986 | |a52647B |